Every Class 3 Pennsylvania Senator - Statistics

General Stats
  • This quiz has been taken 19 times
  • The average score is 15 of 27
Answer Stats
Picture Hint Answer % Correct
D(1834-1845) James Buchanan
100%
D(2023-) John Fetterman
100%
R(2011-2023) Pat Toomey
100%
D(1981-2011) Arlen Specter
75%
R(1813-1819) Abner Lackock
50%
R(1807-1813) Andrew Gregg
50%
R(1897-1921) Boies Penrose
50%
R(1861-1867) Edgar Cowan
50%
D(1945-1951) Francis J. Myers
50%
R(1801-1807) George Logan
50%
R(1922-1929) George Wharton Pepper
50%
W(1849-1855) James Cooper
50%
R(1877-1897) James Donald Cameron
50%
R(1951-1957) James H. Duff
50%
R(1930-1945) James J. Davis
50%
R(1801-1801) John Peter G. Muhlenberg
50%
R(1929-1930) Joseph R. Grundy
50%
D(1957-1969) Joseph S. Clark
50%
R(1969-1981) Richard S. Schweiker
50%
PA(1789-1795) Robert Morris
50%
R(1867-1877) Simon Cameron
50%
D(1845-1849) Simon Cameron
50%
CRR(1819-1825) Walter Lowrie
50%
D(1856-1861) William Bigler
50%
F(1795-1801) William Bingham
50%
AJ(1825-1831) William Marks
50%
J(1831-1834) William Wilkins
50%
No matching quizzes found
Score Distribution
Percent of People with Each Score
Percentile by Number Answered
Your Score History
You have not taken this quiz